000 00598nam a2200241Ia 4500
003 OSt
005 20220918174303.0
006 a|||||r|||| 00| 0
007 ta
008 220917b |||||||| |||| 00| 0 eng d
024 _a11,454
037 _cTextual
040 _aARTS
_cARTS
_beng
041 _2eng
_aeng
082 _aM8, L3(RR)
100 _aGillot Honor
_949868
245 0 _aSewing
260 _aLondon
_bOctopus Books
_c1973
300 _a192p.
_ccm.
650 _aINDUSTRIAL ARTS
942 _hM8, L3(RR)
_cTEXL
_2CC
999 _c152553
_d152553